Autobahnen in Sachsen - Statistiken

Allgemein
  • Dieses Quiz wurde 308 mal gespielt
  • Das Durchschnittsergebnis liegt bei 6 aus 7
Antwortstatistiken
Länge Autobahn % Korrekt
210 km A4
100%
24,1 km A9
93%
100 km A14
88%
28,5 km A13
81%
43,8 km A17
79%
145 km A72
76%
29 km A38
73%
Keine übereinstimmenden Quizze gefunden
Verteilung der Resultate
Anzahl Personen mit jedem Resultat
Perzentil nach korrekt beantworteten Fragen
Ihre Resultats-Entwicklung
Sie haben dieses Quiz noch nicht gespielt